| 000 | 00737nam a22002177a 4500 | ||
|---|---|---|---|
| 999 |
_c19113 _d19113 |
||
| 003 | AR-CdUCM | ||
| 008 | 190516b ||||| |||| 00| 0 spa d | ||
| 040 |
_aMUNICIPALIDAD PROVINCIAL DEL CUSCO _cBIBLIOTECA MUNICIPAL DEL CUSCO |
||
| 082 |
_23ed. _a465 / _bP19 |
||
| 100 |
_aPalisa Mujica de Lacau, Maria Hortencia _940248 |
||
| 245 | _aCastellano tercer curso / | ||
| 260 |
_aBuenos Aires : _bKapelusz, _c1965. |
||
| 300 |
_a283 paginas ; _c20 cm. |
||
| 505 | _aContenido: Orientación moderna de la gramatica -- La enseñanza de la lengua | ||
| 650 |
_aGramatica _99175 |
||
| 650 |
_aLenguaje _95227 |
||
| 650 |
_aHistoria _9136 |
||
| 700 |
_aManacorda de Rosetti, Mabel _936007 |
||
| 942 |
_2ddc _cLIBROS |
||
| 945 |
_apjha _d2019-05-16 |
||